000 00331nam a22001337a 4500
008 190129b xxu||||| |||| 00| 0 eng d
020 _a9781884585029
041 _aeng
080 _a371
100 _a46
101 _aEDU
245 _aUnderstanding Research Methods an Overview of the Essentials
_cPatten,M.L
942 _2udc
_cBK
999 _c53830
_d53830